[Event "Terre degli Elimi op 4th"]
[Site "Erice"]
[Date "2013.07.27"]
[Round "5"]
[White "Licata, Silvio"]
[Black "Di Marco, Salvatore Marco"]
[Result "0-1"]
[WhiteElo "1545"]
[BlackElo "1615"]
[PlyCount "92"]
[EventDate "2013.07.24"]
[EventType "swiss"]
[EventRounds "7"]
[EventCountry "ITA"]
[SourceTitle "EXT 2015"]
[Source "ChessBase"]
[SourceDate "2014.11.20"]
[SourceVersion "1"]
[SourceVersionDate "2014.11.20"]
[SourceQuality "1"]

1. d4 Nf6 2. c4 d6 3. Nc3 Bd7 4. e4 e5 5. d5 Be7 6. Nf3 0-0 7. Be2 h6 8. h3 c6 9. Be3 Qc7 10. Qd2 cxd5 11. Nxd5 Nxd5 12. exd5 e4 13. Nd4 Na6 14. b4 Bf6 15. Rc1 Rac8 16. g4 g5 17. h4 Qd8 18. hxg5 Bxg5 19. Bxg5 Qxg5 20. Qxg5+ hxg5 21. a3 Kg7 22. Rh5 Kg6 23. Kd2 Rh8 24. Rch1 Rxh5 25. Rxh5 Nc7 26. f3 Ne8 27. Rh8 Nf6 28. Rxc8 Bxc8 29. Nb5 exf3 30. Bxf3 Bxg4 31. Bxg4 Nxg4 32. Nxd6 b6 33. Ne4 f5 34. Ng3 Ne5 35. Kc3 f4 36. Nf1 g4 37. c5 bxc5 38. bxc5 g3 39. Nxg3 fxg3 40. c6 g2 41. Kd4 Nxc6+ 42. dxc6 g1Q+ 43. Kd5 Qb6 44. Kd6 Qd8+ 45. Kc5 Qc7 46. Kb5 Qb6+ 0-1

[Event "Terre degli Elimi op 4th"]
[Site "Erice"]
[Date "2013.07.25"]
[Round "2"]
[White "Di Marco, Salvatore Marco"]
[Black "Rigattieri, Uber"]
[Result "0-1"]
[WhiteElo "1615"]
[BlackElo "1873"]
[PlyCount "80"]
[EventDate "2013.07.24"]
[EventType "swiss"]
[EventRounds "7"]
[EventCountry "ITA"]
[SourceTitle "EXT 2015"]
[Source "ChessBase"]
[SourceDate "2014.11.20"]
[SourceVersion "1"]
[SourceVersionDate "2014.11.20"]
[SourceQuality "1"]

1. e4 c5 2. Nf3 a6 3. b3 Nc6 4. Bb2 d6 5. h3 e6 6. d4 cxd4 7. Nxd4 Nf6 8. Bd3 Be7 9. Nd2 Qc7 10. N2f3 0-0 11. Qd2 Rd8 12. 0-0 Nxd4 13. Bxd4 e5 14. Be3 b5 15. c4 Qb7 16. Qc2 h6 17. Rac1 Be6 18. Qb1 Rac8 19. cxb5 axb5 20. Nd2 d5 21. f3 d4 22. Bf2 Bb4 23. Rxc8 Rxc8 24. Be1 Ba3 25. Bh4 g5 26. Bg3 Nd7 27. b4 Rc3 28. Nb3 Bxb3 29. axb3 Bxb4 30. Rc1 Qc6 31. Rc2 f6 32. Be1 Rxc2 33. Bxc2 Bxe1 34. Qxe1 Qxc2 35. Qb4 Qc5 36. Qa5 d3+ 37. Kh2 Qc6 38. Qd8+ Kf7 39. Qh8 d2 40. Qh7+ Ke6 0-1

[Event "Terre degli Elimi op 4th"]
[Site "Erice"]
[Date "2013.07.25"]
[Round "3"]
[White "Lo Bosco, Salvatore"]
[Black "Di Marco, Salvatore Marco"]
[Result "1-0"]
[WhiteElo "1720"]
[BlackElo "1615"]
[PlyCount "129"]
[EventDate "2013.07.24"]
[EventType "swiss"]
[EventRounds "7"]
[EventCountry "ITA"]
[SourceTitle "EXT 2015"]
[Source "ChessBase"]
[SourceDate "2014.11.20"]
[SourceVersion "1"]
[SourceVersionDate "2014.11.20"]
[SourceQuality "1"]

1. e4 e5 2. Nf3 Nc6 3. Bc4 Be7 4. d3 Nf6 5. 0-0 d6 6. Nbd2 Bg4 7. c3 Qd7 8. b4 a6 9. a4 0-0 10. Bb3 d5 11. Qc2 d4 12. Bb2 Rad8 13. b5 dxc3 14. bxc6 Qxd3 15. Qxc3 Bxf3 16. Nxf3 Qxe4 17. Bc2 Qf4 18. Qxe5 Bd6 19. Qxf4 Bxf4 20. Bxf6 gxf6 21. cxb7 c5 22. Rab1 c4 23. Rfd1 Rb8 24. Rd7 Rfe8 25. Nd4 Rbd8 26. Rxd8 Rxd8 27. Nc6 Rd2 28. Be4 c3 29. b8Q+ Bxb8 30. Nxb8 a5 31. Rc1 Kg7 32. g3 Rd4 33. f3 Rxa4 34. Rxc3 Rb4 35. Nc6 Ra4 36. Rc5 Ra1+ 37. Kg2 a4 38. Ra5 h5 39. Rxh5 f5 40. Rxf5 a3 41. Bd5 f6 42. Rf4 Rd1 43. Rg4+ Kh6 44. Rd4 Ra1 45. Rd2 Rc1 46. Ra2 Rc3 47. Be4 f5 48. Bxf5 Rxc6 49. Rxa3 Kg5 50. Be4 Rb6 51. h4+ Kf6 52. Kh3 Ke5 53. Ra5+ Kd4 54. h5 Ke3 55. Rc5 Rh6 56. g4 Kf4 57. Rf5+ Ke3 58. Kh4 Kf2 59. g5 Rb6 60. h6 Rb2 61. Kh5 Kg3 62. Kg6 Rh2 63. h7 Rh4 64. Kg7 Rh5 65. h8Q 1-0